Daim : the man behind the enigma

Bibliographic Details
Main Author: Cheong Mei Sui
Other Authors: Adibah Amin
Format: Book
Published: Petaling Jaya : Pelanduk Publcations(M) Sdn Bhd , 1988
Subjects:

MARC

LEADER 00000cam a2200000 7i4500
001 0000008752
002 000009544
005 20031231.0
020 |a 9679785211 
090 0 0 |a 920   |b CHE 
100 0 |a Cheong Mei Sui 
245 0 0 |a Daim :   |b the man behind the enigma   |c Cheong Mei Sui and Adibah Amin 
260 |a Petaling Jaya :   |b Pelanduk Publcations(M) Sdn Bhd ,   |c 1988 
300 |a 202p. :   |b ill. ;   |c 22cm. 
650 0 0 |a Daim   |x Biography 
700 0 |a Adibah Amin 
999 |a 00285859   |b BUKU   |c PINJAMAN   |e PERPUSTAKAAN KOMUNITI PETALING JAYA 
999 |a 042194   |b BUKU   |c MALAYSIANA   |e PERPUSTAKAAN KOMUNITI PETALING JAYA 
999 |a 042195   |b BUKU   |c MALAYSIANA   |e PERPUSTAKAAN KOMUNITI PETALING JAYA 
999 |a 048097   |b BUKU   |c MALAYSIANA   |e PERPUSTAKAAN KOMUNITI PETALING JAYA 
999 |a 058159   |b BUKU   |c PINJAMAN   |e PERPUSTAKAAN KOMUNITI PETALING JAYA